000 01053nam a2200289 i 4500
001 17243
003 ES-MaACL
005 20230906151530.0
007 t|
008 010123s1994 sp a |||| |dspa j
020 _a84-7846-288-0
080 _a929 Toledo, Pedro de
080 _a945.07"15"
100 1 _aHernando Sánchez, Carlos José.
_963114
245 1 0 _aCastilla y Nápoles en el siglo XVI
_b: el virrey Pedro de Toledo : linaje, estado y cultura (1532-1553) /
_cCarlos José Hernando Sánchez.
260 _a[Valladolid] :
_bConsejería de Cultura y Turismo,
_c1994.
300 _a577 p. :
_bil. ;
_c25 cm.
490 1 _aEstudios de historia
504 _aBibliografía. Indice.
600 1 4 _aToledo, Pedro de.
_9110451
651 4 _aNápoles (Reino)-
_xHistoria-
_y1442-1707, Dominación española.
_9163730
651 4 _aCastilla (Reino)-
_xHistoria.
_97987
710 1 _aCastilla y León.
_bConsejería de Cultura y Turismo.
_92499
830 0 _aEstudios de historia
_9179197
852 _aES-MaACL
_jL-24250
999 _c17243
_d17243